000
00298nam a22001217a 4500
020
_a
0-440-40108-9
082
_a
823
_b
CLE/J
100
_a
CLEARY, BEVERLY
245
_a
JANET'S THINGAMAJIGS
260
_a
NEW YORK
_b
DELL PUBLISHING
_c
1988
650
_a
CHILDRENS STORY BOOK
_z
UNITED STATES
942
_c
BK
999
_c
4633
_d
4633